Loading...
| Literature - British Literature | 1 | 4 | 0 | 1 | 55 | 76 | 103.00 | 0 | 5 |
| Literature - World Literature | 0 | 4 | 0 | 1 | 40 | 90 | 109.50 | 1 | 4 |
| Literature - European Literature | 0 | 4 | 1 | 1 | 35 | 68 | 94.00 | 0 | 4 |
| Social Science | 0 | 3 | 0 | 1 | 30 | 96 | 111.33 | 1 | 3 |
| Literature - American Literature | 0 | 3 | 1 | 2 | 25 | 119 | 139.67 | 0 | 3 |
| Science - Chemistry | 0 | 2 | 0 | 1 | 20 | 98 | 105.50 | 0 | 2 |
| Visual Arts | 0 | 2 | 0 | 0 | 20 | 89 | 96.50 | 1 | 2 |
| Other Academic | 1 | 0 | 0 | 0 | 15 | 39 | 39.00 | 1 | 1 |
| Philosophy | 0 | 2 | 1 | 0 | 15 | 105 | 111.00 | 0 | 2 |
| Science - Other Science | 1 | 0 | 0 | 0 | 15 | 22 | 22.00 | 1 | 1 |
| History - Ancient History | 0 | 1 | 0 | 0 | 10 | 108 | 108.00 | 0 | 1 |
| History - Other History | 0 | 1 | 0 | 0 | 10 | 100 | 100.00 | 1 | 1 |
| Science - Biology | 0 | 1 | 0 | 1 | 10 | 122 | 122.00 | 0 | 1 |
| Beliefs | 0 | 1 | 1 | 0 | 5 | 121 | 121.00 | 0 | 1 |